000 00453nam a2200181Ia 4500
008 230711s9999||||xx |||||||||||||| ||und||
020 _a978-93-272-3608-8
041 _aENG
082 _a658.421
_bAR-E
100 _aArora,Renu
245 0 _aEntrepreneurship Development
250 _a1st Ed.
260 _c2015
_aNew Delhi
_bKalyani Publishers House
300 _a5.19p.
650 _aUNIVESITY BUSNIESS SCHOOL
700 _aSood,S.K
942 _cBK
999 _c6793
_d6793